| 000 | 01432naa a22002537i 4500 | ||
|---|---|---|---|
| 003 | KOSZ 005 | ||
| 005 | 20170308121157.0 | ||
| 008 | 160308s2010 ||||| ||||0|| 0 eng | ||
| 035 | _aPBN-R:247004 | ||
| 040 |
_cKOSZ 005/md _aPBN-ID |
||
| 041 | 0 | _aeng | |
| 100 |
_aBOHDAL, Tadeusz. _d1996 - . _bPolitechnika Koszalińska - Wydział Mechaniczny, _cKatedra Techniki Cieplnej i Chłodnictwa |
||
| 245 | 1 | 0 |
_aAn experimental study of pressure drop during incipience of R134a flow boiling in minichannels / _cTadeusz Bohdal, Henryk Charun, Krzysztof Dutkowski. |
| 260 | _c2010. | ||
| 650 | 0 | _aBudowa i eksploatacja maszyn. | |
| 650 | 0 | _aMachinery construction and operation. | |
| 650 | 0 | _aChapter in a book. | |
| 650 | 0 | _aRozdział w książce. | |
| 700 |
_aCHARUN, Henryk. _d1996 - . _bPolitechnika Koszalińska - Wydział Mechaniczny, _cKatedra Techniki Cieplnej i Chłodnictwa |
||
| 700 |
_aDUTKOWSKI, Krzysztof. _d1996 - . _bPolitechnika Koszalińska - Wydział Mechaniczny, _cKatedra Techniki Cieplnej i Chłodnictwa |
||
| 711 |
_aInternational Symposium on Heat Transfer and Renewable Sources of Energy _n(13 ; _d2010 ; _cSzczecin, Polska). |
||
| 773 | 0 | 8 |
_iW : _tProceedings of the XIIIth International Symposium on Heat Transfer and Renewable Sources of Energy. - _dSzczecin : Wydaw. Uczelniane Zachodniopomorskiego Uniwersytetu Technologicznego, 2010. - _gs. 413-420 |
| 942 |
_cROZ _2UKD |
||
| 999 |
_c8034 _d8034 |
||